000 00686nam a2200217 i 4500
001 bg
100 1 _aOSTASZEWSKA, Magdalena
245 1 0 _aMiędzynarodowe źródła prawa ochrony środowiska /
_cMagdalena Ostaszewska, Stanisław Wrzosek.
260 _aBiałystok :
_bFundacja Ekonomistów Środowiska i Zasobów Naturalnych,
_c1995.
300 _a51 s. ;
_c21 cm.
650 9 _aPrawo międzynarodowe
_xzagadnienia
650 9 _aŚrodowisko człowieka
_xprawo
700 1 _aWRZOSEK, Stanisław
020 _a8385792155
040 _cBPK
041 0 _apl
080 _a341.24:349.6+349.7
920 _a83-85792-15-5
942 _cKS
008 s pl f |000 0 pol
999 _c34379
_d34379
856 _uhttp://koha.tu.koszalin.pl/cgi-bin/koha/opac-detail.pl?biblionumber=34379
_yKatalog online BPK